Export market report on Sudan. (Record no. 77864)

MARC details
000 -LEADER
fixed length control field 00858cam a22002891 4500
001 - CONTROL NUMBER
control field sa 68001301
003 - CONTROL NUMBER IDENTIFIER
control field DLC
005 - DATE AND TIME OF LATEST TRANSACTION
control field 20260227112432.0
008 - FIXED-LENGTH DATA ELEMENTS--GENERAL INFORMATION
fixed length control field 710927s1967 ii b b 00000 eng
010 ## - LIBRARY OF CONGRESS CONTROL NUMBER
LC control number sa 68001301 //r88
025 ## - OVERSEAS ACQUISITION NUMBER
Overseas acquisition number PL480:I-E-8690
043 ## - GEOGRAPHIC AREA CODE
Geographic area code a-ii---
-- f-sj---
050 0# - LIBRARY OF CONGRESS CALL NUMBER
Classification number HF3788.S89
Item number I5
082 ## - DEWEY DECIMAL CLASSIFICATION NUMBER
Classification number 330.9624
110 20 - MAIN ENTRY--CORPORATE NAME
Corporate name or jurisdiction name as entry element Indian Institute of Foreign Trade.
245 10 - TITLE STATEMENT
Title Export market report on Sudan.
260 1# - PUBLICATION, DISTRIBUTION, ETC.
Place of publication, distribution, etc. New Delhi,
Date of publication, distribution, etc. 1967.
300 ## - PHYSICAL DESCRIPTION
Extent xliv, 349 p.
Other physical details map.
Dimensions 27 cm.
350 ## - PRICE (NR) (BK AM CF MU VM SE) [OBSOLETE]
Price Rs14.25
490 0# - SERIES STATEMENT
Series statement Its Country survey report
500 ## - GENERAL NOTE
General note "Prepared for the Ministry of Commerce, Govt. of India."
504 ## - BIBLIOGRAPHY, ETC. NOTE
Bibliography, etc. note Bibliography: p. 348-349.
651 #0 - SUBJECT ADDED ENTRY--GEOGRAPHIC NAME
Geographic name India
General subdivision Commerce
Geographic subdivision Sudan.
651 #0 - SUBJECT ADDED ENTRY--GEOGRAPHIC NAME
Geographic name Sudan
General subdivision Commerce
Geographic subdivision India.
651 #0 - SUBJECT ADDED ENTRY--GEOGRAPHIC NAME
Geographic name Sudan
General subdivision Economic conditions.
710 10 - ADDED ENTRY--CORPORATE NAME
Corporate name or jurisdiction name as entry element India.
Subordinate unit Ministry of Commerce.

No items available.

Powered by Koha